000 00749nam a2200289Ia 4500
005 20260324141453.0
008 008 260324s9999 xx 000 0 eng d
020 _a9781003072973
037 _aEBOOK
040 _aCRL
040 _beng
040 _cCRL
041 _2eng
041 _aeng
084 _qCRL
100 _aG.L Oppo
_91208306
245 0 _aQuantum Dynamics of Simple Systems
245 0 _bProceedings of the Forty Fourth Scottish Universities Summer School in Physics, Stirling, August 1994
260 _bTaylor and Francis
260 _c1997
365 _a
365 _b275
856 _uhttp://www.taylorfrancis.com/books/9781003072973
942 _cEBOOK
999 _c1811438
_d1811438